| 000 | 00737aam a2200313 4500 | ||
|---|---|---|---|
| 005 | 20251024195717.0 | ||
| 008 | 150512b2003 xxu||||| |||| 00| 0 spa d | ||
| 020 | _a9968312592 | ||
| 041 | _aESP | ||
| 082 | _a508.728.6 M538c | ||
| 100 | _aMéndez Estrada, Victor Hugo | ||
| 100 | _aMonge Najera, Julián | ||
| 245 | _aCosta Rica: historia natural | ||
| 260 | _aCosta Rica | ||
| 260 | _bEUNED | ||
| 260 | _c2003 | ||
| 300 | _a320 páginas | ||
| 490 | _aTurismo | ||
| 650 | _aHISTORIA NATURAL | ||
| 650 | _aCOSTA RICA | ||
| 650 | _aGEOLOGÍA | ||
| 650 | _aSERES VIVOS | ||
| 650 | _aCLIMA | ||
| 650 | _aGEOGRAFÍA | ||
| 650 | _aECOSISTEMAS | ||
| 650 | _aDESARROLLO SOSTENIBLE | ||
| 942 |
_cBK _2ddc |
||
| 999 |
_c5359 _d5359 |
||